| 000 | 00513nam a2200193 i 4500 | ||
|---|---|---|---|
| 001 | 94788 | ||
| 003 | ES-MaACL | ||
| 005 | 20230906181545.0 | ||
| 007 | t| | ||
| 008 | 050516s1913 sp ||||1| spa d | ||
| 100 | 1 |
_aLozano, Edmundo. _974415 |
|
| 245 | 1 | 3 |
_aLa química en la escuela primaria / _cEdmundo Lozano. |
| 250 | _a2ª ed. | ||
| 260 |
_aMadrid : _bR. Rojas, _c1913. |
||
| 490 | 1 | _aMuseo Pedagógico | |
| 830 | 0 |
_aMuseo Pedagógico _9232160 |
|
| 852 |
_aES-MaACL _j1509-F-3 |
||
| 999 |
_c94788 _d94788 |
||